000 00230nam a2200097Ia 4500
008 170619s9999 xx 000 0 und d
100 _aBotros- Nazeih
245 0 _aHDL Programming VHDL and Verilog
260 _bDreamtech
260 _c2008
546 _aENGLISH
999 _c20437
_d20437